Statistiken für All Parkway Drive Tracks

Klicken Sie hier um das Quiz zu spielen!

Allgemein

  • Dieses Quiz wurde 3 mal gespielt
  • Das Durchschnittsergebnis liegt bei 37 aus 83

Antwortstatistiken

AlbumTrack% Korrekt
IreBottom Feeder
100%
HorizonsCarrion
100%
IreCrushed
100%
AtlasDark Days
100%
Killing With A SmileRomance Is Dead
100%
AtlasThe River
100%
IreVice Grip
100%
AtlasWild Eyes
100%
ReverenceAbsolute Power
50%
IreA Deathless Song
50%
IreA Deathless Song (feat. Jenna McDougall)
50%
Deep BlueAlone
50%
AtlasAtlas
50%
HorizonsBegin
50%
AtlasBlue And The Grey
50%
HorizonsBoneyards
50%
ReverenceChronos
50%
Darker StillDarker Still
50%
HorizonsDead Man's Chest
50%
Deep BlueDeadweight
50%
IreDedicated
50%
IreDestroyer
50%
IreDevil's Calling
50%
Killing With A Smile
Anasis (Xenophontis)
50%
AtlasDream Run
50%
IreDying To Believe
50%
HorizonsFeed Them To The Pigs
50%
HorizonsFive Months
50%
IreFractures
50%
HorizonsFrostbite
50%
Killing With A SmileGimme A D
50%
Darker StillGlitch
50%
Darker StillGround Zero
50%
Killing With A SmileGuns For Show, Knives For A Pro
50%
Deep BlueHome Is For The Heartless
50%
HorizonsHorizons
50%
Darker StillIf A God Can Bleed
50%
ReverenceI Hope You Rot
50%
Darker StillImperial Heretic
50%
IreInto The Dark
50%
Deep BlueKarma
50%
Darker StillLand Of The Lost
50%
Deep BlueLeviathan I
50%
Darker StillLike Napalm
50%
HorizonsMoments In Oblivion
50%
AtlasOld Ghost / New Regrets
50%
Killing With A SmilePandora
50%
Deep BluePressures
50%
ReverencePrey
50%
Deep BlueSamsara
50%
ReverenceShadow Boxing
50%
Deep BlueSleepwalker
50%
Darker StillSoul Bleach
50%
AtlasSparks
50%
Darker StillStranger
50%
ReverenceThe Colour Of Leaving
50%
Darker StillThe Greatest Fear
50%
Darker StillThe Heart Of The Darkness
50%
HorizonsThe Sirens' Song
50%
AtlasThe Slow Surrender
50%
IreThe Sound Of Violence
50%
ReverenceThe Void
50%
Deep BlueUnrest
50%
IreVicious
50%
ReverenceWishing Wells
50%
IreWritings On The Wall
50%
Killing With A SmileA Cold Day In Hell
0%
Killing With A SmileBlackout
0%
HorizonsBreaking Point
0%
ReverenceCemetery Bloom
0%
Deep BlueDeliver Me
0%
Killing With A Smile
It's Hard To Speak Without A Tongue
0%
Deep BlueHollow
0%
HorizonsIdols And Anchors
0%
ReverenceIn Blood
0%
Killing With A SmileMutiny
0%
Killing With A SmilePicture Perfect, Pathetic
0%
Deep BlueSet To Destroy
0%
AtlasSleight Of Hand
0%
Killing With A SmileSmoke 'Em If Ya Got 'Em
0%
AtlasSnake Oil And Holy Water
0%
AtlasSwing
0%
Deep BlueWreckage
0%

Verteilung der Resultate

Perzentil nach korrekt beantworteten Fragen

Anzahl Personen mit jedem Resultat

Ihre Resultats-Entwicklung

Sie haben dieses Quiz noch nicht gespielt